| 000 | 00363nam a2200145Ia 4500 | ||
|---|---|---|---|
| 008 | 220217s9999||||xx |||||||||||||| ||und|| | ||
| 020 | _a0-07-463200-0 | ||
| 082 | _a621.381 JAI | ||
| 100 | _aJain, R.P | ||
| 245 | 0 | _aModern digital electronics | |
| 250 | _a2nd | ||
| 260 |
_aTata mcgraw hill _bNew Delhi _c1997 |
||
| 300 | _b170 | ||
| 650 | _aELECTRONICS | ||
| 999 |
_c165640 _d165640 |
||